RICS valuation (Record no. 115963)
[ view plain ]
| 000 -LEADER | |
|---|---|
| fixed length control field | 01356cad a22002655a 4500 |
| 001 - CONTROL NUMBER | |
| control field | L159504 |
| 008 - FIXED-LENGTH DATA ELEMENTS--GENERAL INFORMATION | |
| fixed length control field | 130516s2012 xxk f f 001 0 eng d |
| 020 ## - INTERNATIONAL STANDARD BOOK NUMBER | |
| International Standard Book Number | 9784822260750 |
| 035 ## - SYSTEM CONTROL NUMBER | |
| System control number | (Sirsi) u159504 |
| 041 0# - LANGUAGE CODE | |
| Language code of text/sound track or separate title | jap |
| 050 04 - LIBRARY OF CONGRESS CALL NUMBER | |
| Classification number | 333.332 $2 18 |
| 110 2# - MAIN ENTRY--CORPORATE NAME | |
| Corporate name or jurisdiction name as entry element | Royal Institution of Chartered Surveyors |
| 9 (RLIN) | 4900 |
| 240 00 - UNIFORM TITLE | |
| Uniform title | Red Book |
| 245 00 - TITLE STATEMENT | |
| Title | RICS valuation |
| Remainder of title | professional standards, incorporating the International Valuation Standards |
| -- | Japanese translation |
| Medium | [electronic resource] |
| 260 ## - PUBLICATION, DISTRIBUTION, ETC. | |
| Place of publication, distribution, etc. | London |
| Name of publisher, distributor, etc. | RICS |
| Date of publication, distribution, etc. | 2012 |
| 490 #0 - SERIES STATEMENT | |
| Series statement | RICS Guidance Note |
| 490 #0 - SERIES STATEMENT | |
| Series statement | RICS Valuation Standards |
| 520 ## - SUMMARY, ETC. | |
| Summary, etc. | These standards set out procedural rules and guidance for valuers within the RICS Rules of Conduct. They also set a framework for best practice in the execution and delivery of valuations for different purposes but do not instruct valuers on how to value in individual cases. There is a mandatory obligation placed on the individual valuer or firm registered for regulation by RICS to follow these standards and an effective sanction if there is a material breach. |
| 520 ## - SUMMARY, ETC. | |
| Summary, etc. | The RICS standards in this edition come into effect on 30 March 2012 and apply where the valuation date is on or after that day. |
| 650 24 - SUBJECT ADDED ENTRY--TOPICAL TERM | |
| Topical term or geographic name entry element | RICS VALUATION STANDARDS |
| 651 #4 - SUBJECT ADDED ENTRY--GEOGRAPHIC NAME | |
| Geographic name | International |
| 690 ## - LOCAL SUBJECT ADDED ENTRY--TOPICAL TERM (OCLC, RLIN) | |
| Topical term or geographic name as entry element | Valuation |
| 9 (RLIN) | 6273 |
| 942 ## - ADDED ENTRY ELEMENTS (KOHA) | |
| Suppress in OPAC | 0 |
| Withdrawn status | Lost status | Source of classification or shelving scheme | Damaged status | Not for loan | Home library | Current library | Shelving location | Date acquired | Total Checkouts | Full call number | Barcode | Date last seen | Copy number | Price effective from | Koha item type |
|---|---|---|---|---|---|---|---|---|---|---|---|---|---|---|---|
| Dewey Decimal Classification | London | London | RICS Boxes | 03/08/2017 | RICS 2012/36 | 30078512 | 06/08/2019 | 1 | 06/08/2019 | Archive |